| 000 | 01012nmc a2200385 a 4500 | ||
|---|---|---|---|
| 003 | AR-BaBNM | ||
| 005 | 20251128205008.0 | ||
| 008 | 011101s1995 ||||||||||||||000 | spa|| | ||
| 020 | _a0-8270-3376-1 | ||
| 040 | _cAR-BaBNM | ||
| 100 | 1 | _aTamer, Norma | |
| 245 | 1 | 0 |
_aEl envejecimiento humano _bsus derivaciones pedagógicas |
| 260 |
_aWashington, D.C. _bOEA _c1995 |
||
| 300 | _a159 p. | ||
| 490 | 0 |
_aInteramer. Educativa _vv. 51 |
|
| 504 | _aBibliografía: p. 147-154 | ||
| 650 | 4 | _aEDUCACION | |
| 650 | 4 | _aVEJEZ | |
| 650 | 4 | _aPEDAGOGIA | |
| 650 | 4 | _aINFLUENCIA SOCIAL | |
| 650 | 4 | _aAPRENDIZAJE | |
| 650 | 4 | _aPARTICIPACION | |
| 650 | 4 | _aJUBILACION | |
| 650 | 4 | _aGERIATRIA | |
| 650 | 4 | _aVIDA SOCIAL | |
| 650 | 4 | _aINTERACCION SOCIAL | |
| 650 | 4 | _aTERCERA EDAD | |
| 650 | 4 | _aEDUCACION DE ADULTOS | |
| 650 | 4 | _aPLANIFICACION | |
| 650 | 4 | _aMOTIVACION | |
| 700 | 1 |
_aCintra, Antonio Octavio _eprologuista |
|
| 800 | 1 |
_aCarvalho, Getúlio P. _edirector |
|
| 942 | _cBK | ||
| 998 | _csilvi | ||
| 999 |
_c9624 _d9624 |
||